00623cam a22002052 4500001001100000005001700011008004100028020002700069040001500096100003300111245008400144260003800228300001700266650004300283650005100326700003100377852000300408852000300411852000300414000000924120151217152052.0080915s xx 000 0 eng d a0421722509 :cKES 6300 aKABUcKABU1 aDe Than, Claire.@000016036510aInternational criminal law and human rights /cClaire de Than and Edwin Shorts. aLondon :bSweet & Maxwell,c2003. axlv, 550 p. 0aOffenses against humanity.@0000160366 0aHuman rightsxCriminal provisions.@00001603671 aShorts, Edwin.@00001603681 1 1